000 00842nam a22002777a 4500
005 20231107163055.0
008 231107b ||||| |||| 00| 0 eng d
020 _a9789355407344
040 _cAL
041 _aEnglish
082 _223
_a658.5
_bBHAI
100 _aBhavya Bhanu and others
_9141124
245 _aInformation Technology For Business
260 _aLudhiana
_bKalyani Publishers
_c2023
300 _a377 p.
_bPB
_c24x18.5 cm.
365 _a5946
_b₹280.00
_c
_d₹350.00
_e20%
_f03-11-2023
650 _aNEP
_9141072
650 _aBBA
_9141073
650 _aMBA And Various Diploma Courses in Management
_9141074
700 _aBHANU (Bhavya)
_9141075
700 _aPATROT (Anita)
_9141076
700 _aSHARADHA (N)
_9141077
700 _aGEETHA (S R)
_9141078
700 _aPOOJETHA (B V)
_9141079
942 _2ddc
_cBK
999 _c229147
_d229147